| Tag |
First Indicator |
Second Indicator |
Subfields |
| LEADER |
00000cam a22000001i 4500 |
| 001 |
in00003933607 |
| 006 |
m d f |
| 007 |
cr bn mmmapmmp |
| 008 |
400727s1940 dcu o f000 0 eng d |
| 005 |
20250210233659.8 |
| 035 |
|
|
|a ebd19401275373
|
| 040 |
|
|
|a UMI
|c UMI
|e rda
|d UtOrBLW
|
| 086 |
0 |
|
|a A 67.8:40/19
|
| 099 |
|
|
|a A67.8..40_19
|
| 110 |
1 |
|
|a United States.
|b Office of Foreign Agricultural Relations.
|0 http://id.loc.gov/authorities/names/n85271417
|
| 245 |
1 |
0 |
|a Foreign crops and markets, May 11, 1940.
|
| 264 |
|
1 |
|a [Washington] :
|b [s.n.],
|c 1940.
|
| 300 |
|
|
|a 1 online resource (38 pages), digital, PDF file
|
| 336 |
|
|
|a text
|b txt
|2 rdacontent
|
| 337 |
|
|
|a computer
|b c
|2 rdamedia
|
| 338 |
|
|
|a online resource
|b cr
|2 rdacarrier
|
| 533 |
|
|
|a Electronic reproduction.
|b [Bethesda, Md.] :
|c ProQuest,
|d 2016
|e digital, PDF file.
|n ProQuest U.S. Executive Branch Documents
|n Mode of access: World Wide Web via ProQuest website.
|
| 588 |
|
|
|a Record is based on online resource; title from PDF title page (ProQuest, last viewed Nov. 2016). Reuse except for individual research requires license from ProQuest, LLC.
|
| 650 |
|
0 |
|a Produce trade.
|0 http://id.loc.gov/authorities/subjects/sh85107187
|
| 650 |
|
0 |
|a Agriculture.
|0 http://id.loc.gov/authorities/subjects/sh85002415
|
| 856 |
4 |
0 |
|u http://proxy.library.tamu.edu/login?url=http://congressional.proquest.com/congressional/docview/t66.d71.a67.8..40_19?
|y Electronic resource (PDF)
|t 0
|
| 999 |
f |
f |
|s ab29b9dd-cdd9-3c2f-9f0a-b8b14bc10207
|i bef43c5d-ce90-3399-bc81-5717aa9475c0
|t 0
|
| 952 |
f |
f |
|a Texas A&M University
|b College Station
|c Electronic Resources
|d Available Online
|t 0
|h No information provided
|
| 998 |
f |
f |
|t 0
|l Available Online
|